| 000 | 01131na a2200337 4500 | ||
|---|---|---|---|
| 001 | 13581 | ||
| 003 | MIRAKIL | ||
| 005 | 20181213155256.0 | ||
| 008 | 161012b tu 000 0 | ||
| 020 | _a9786053993711 | ||
| 035 | _a13581 | ||
| 040 |
_aMilas _btur _cTR-AnCHP |
||
| 041 | _atur | ||
| 082 |
_a307.24 _bE62i 2015 |
||
| 090 | _a307.24 E62i 2015 | ||
| 100 | _aErder, Sema | ||
| 245 |
_aİstanbul bir kervansaray (mı?) _bGöç yazıları _cSema Erder; Derleyen Nesrin Uçarlar ; yayına hazırlayan Cem Tüzün |
||
| 246 | _aGöç yazıları | ||
| 260 |
_aİstanbul _bİstanbul Bilgi Üniversitesi Yayınları _c2015 |
||
| 300 |
_axix, 419 s. _btbl. , res. _c23 sm. |
||
| 490 |
_aİstanbul Üniversitesi yayınları _v494 |
||
| 490 | _aGöç Çalışmaları | ||
| 504 | _aDizin var. | ||
| 650 |
_aİç göçler _zİstanbul |
||
| 650 |
_aYerel yönetimler _xGöç politikası _zİstanbul |
||
| 650 |
_aKentleşme _xGecekondu yerleşimleri _zİstanbul |
||
| 651 |
_aTürkiye _xGöç ve göçmenlik _yİstanbul _zSiyasal yönler |
||
| 700 | _aUçarlar, Nesrin | ||
| 700 | _aTüzün, Cem | ||
| 942 |
_2ddc _cBKS |
||
| 999 |
_c9780 _d9780 |
||